[Event "Barents Region-chC"]
[Site "Arta"]
[Date "2004.06.18"]
[Round "2"]
[White "Luostarinen, Asmo"]
[Black "Svadberg, Anders"]
[Result "1-0"]
[WhiteElo "839"]
[BlackElo "1029"]
[PlyCount "73"]
[EventDate "2004.06.18"]
[EventType "swiss"]
[EventRounds "6"]
[EventCountry "NOR"]
[SourceTitle "EXT 2007"]
[Source "ChessBase"]
[SourceDate "2006.11.23"]
[SourceVersion "1"]
[SourceVersionDate "2006.11.23"]
[SourceQuality "1"]

1. d4 d5 2. c4 e6 3. Nf3 c5 4. e3 Nf6 5. Nbd2 Qa5 6. Bd3 Nc6 7. a3 cxd4 8. exd4 dxc4 9. Bxc4 Bd6 10. 0-0 0-0 11. b4 Qh5 12. Re1 Re8 13. Nf1 e5 14. Ng3 Qg4 15. h3 Qd7 16. Bd3 Qc7 17. Bb2 Bd7 18. Rc1 exd4 19. b5 Qb6 20. bxc6 Qxb2 21. cxd7 Red8 22. Nxd4 Rxd7 23. Ndf5 Bf4 24. Qc2 Qxc2 25. Bxc2 Bxc1 26. Rxc1 Rc8 27. Ne3 Rdc7 28. Kf1 a5 29. a4 Rb8 30. Bxh7+ Kxh7 31. Rxc7 b5 32. axb5 Rxb5 33. Rxf7 a4 34. Ngf5 Kg6 35. Rxg7+ Kh5 36. g4+ Nxg4 37. hxg4# 1-0